Tự thuật : Câu chuyện các thử nghiệm của tôi với chân lý

Gespeichert in:
Bibliographische Detailangaben
1. Verfasser: Mohandas K Gandhi
Format: Buch
Sprache:Undetermined
Veröffentlicht: Hà Nội Văn Hóa 1997
Schlagworte:
Tags: Tag hinzufügen
Keine Tags, Fügen Sie den ersten Tag hinzu!
Thư viện lưu trữ: Trung tâm Học liệu Trường Đại học Cần Thơ
LEADER 00576nam a2200193Ia 4500
001 CTU_34012
008 210402s9999 xx 000 0 und d
082 |a 891.47 
082 |b G196 
100 |a Mohandas K Gandhi 
245 0 |a Tự thuật : 
245 0 |b Câu chuyện các thử nghiệm của tôi với chân lý 
245 0 |c Mohandas K Gandhi 
260 |a Hà Nội 
260 |b Văn Hóa 
260 |c 1997 
650 |a indic literature - 20th century 
904 |i Minh, 991118 
980 |a Trung tâm Học liệu Trường Đại học Cần Thơ